000 00388cam a2200169 4500
001 D12728
008 090401t1964 xxu||||| |||| 00| 0 eng d
035 _a(Sirsi) u5337
041 _aeng
110 _aFIABCI
245 _aTrilingual professional real estate vocabulary
260 _aParis
_bFIABCI
_c1964
350 _a0
520 _aShelf 115
942 _n0
948 _c04/03/1997
999 _c86162
_d86162